| 000 | 00658nam a2200217Ia 4500 | ||
|---|---|---|---|
| 008 | 160628s9999 xx 000 0 und d | ||
| 050 | _aTX 1 | ||
| 050 | _b.C172 2016 | ||
| 100 | _aCamandang, Patricia Anne R. | ||
| 245 | _aIn-vitro pediculicidal efficacy of oregano (oreganum vulgare) oil / | ||
| 245 | _cPatricia Anne R. Camandang, Ronalyn Duhaylungsod, Jane Chriselle V. Idio. | ||
| 260 | _aLas PiƱas, Philippines : | ||
| 260 | _bSISC, | ||
| 260 | _c2016. | ||
| 300 | _a73 pages : | ||
| 300 | _billustrations ; | ||
| 300 | _c28 cm. | ||
| 500 | _aIncludes bibliographical references and appendices. | ||
| 650 | _aOregano. | ||
| 942 | _cTH | ||
| 999 |
_c296205 _d296205 |
||